| 000 | 01150nam a22002297a 4500 | ||
|---|---|---|---|
| 003 | OSt | ||
| 005 | 20160620110335.0 | ||
| 008 | 140214b2008 els spa | ||
| 040 | _cBMC | ||
| 082 | _a658 | ||
| 100 | 1 |
_936043 _aCenteno García, María de los Ángeles |
|
| 245 | 1 | 0 |
_aProyecto, propuesta de creación de un centro turístico en la Laguna Cuscachapa en la ciudad de Chalchuapa _b: Informe final _cMaría de los Ángeles Centeno García, Silvia Elizabeth Díaz Jiménez, Carlos Alfredo Ramírez Martínez |
| 260 |
_aSanta Ana (El Salvador) _bUniversidad Católica de Occidente _c2008 |
||
| 300 |
_a1 v. (pág. var.) _c27 cm _e+ 1 disco compacto |
||
| 500 | _aPrecede al tít.: Universidad Católica de Occidente, Facultad de Ciencias Económicas | ||
| 502 | _aTrabajo de graduación para optar al grado académico de Licenciatura en Administración de Empresas | ||
| 650 | 2 | 4 |
_94915 _aGestión |
| 700 | 1 |
_936044 _aDíaz Jiménez, Silvia Elizabeth |
|
| 700 | 1 |
_936045 _aRamírez Martínez, Carlos Alfredo |
|
| 710 | 2 |
_91067 _aUniversidad Católica de El Salvador _bFacultad de Ciencias Empresariales |
|
| 942 |
_2ddc _cTG _hprozim |
||
| 999 |
_c22300 _d22300 |
||